00538nam a2200157 a 450000100100000000500170001000800410002702000180006804000250008610000380011124500890014926000640023830000280030249000250033083000250035500003726420200930080241.0120321s2007 ve 000 0 spa d a9789803968397 aDO-SdBNPbspacBNPHU1 aCalazadilla Arreaza, Juan Antonio10aLa falacia imperialista de los derechos humanos /cJuan Antonio Calazadilla Arreaza. aCaracas :bFundación Editorial el Perro y la Rana,c2007. a219 p. :bil. ;c22 cm.1 aInventamos o erramos 0aInventamos o erramos